000 00390nam a2200133Ia 4500
008 161229s9999 xx 000 0 und d
020 _a8171413463
082 _a657.98 MAL/HU
100 _aMalayendu Saha
245 _aHuman resource accounting: with special reference to charitable institutions
260 _bDiscovery Publishing House
_aNew Delhi
300 _axii, 177
942 _cBK
999 _c152902
_d152902